000 01108nam a2200277 a 4500
001 BRCA_390
005 20190320203004.0
008 010615s2001 nyua---##b---#001-0#eng-#
020 _a0890133891
040 _aDLC
_cDLC
_dDLC
050 4 _aNK4320.M5
_b.L49 2001
100 1 _aLister, Florence Cline
_91315
245 1 0 _aMaiolica olé
_bspanish and Mexican decorative traditions featuring the collection of the Museum of International Folk Art
_cby Florence C. Lister and Robert H. Lister ; photography by Paul Smutko.
260 _aNuevo México
_bMuseum of New Mexico
_c2001
300 _a176 p.
_bil. a color
_c28 cm.
500 _aIncluye índice
500 _a2do. ejemplar en el Área de Investigación
504 _aBibliografía : p. 167-169
610 2 4 _aMuseum of International Folk Art (Nuevo México)
_vCatálogos
_91316
650 1 4 _aMayólica mexicana
_vCatálogos
_91317
650 1 4 _aMayólica española
_vCatálogos
_91318
650 1 4 _aCerámica esmaltada
_vCatálogos
_zNuevo México
_91319
700 1 _aLister, Robert Hill
_d1915-
_91320
700 1 _aSmutko, Paul
_91321
942 _2lcc
_cB
999 _c325
_d325